States That Border West Virginia Quiz Stats

 Plays Quiz Updated May 20, 2017

Support Sporcle.
Go Orange.
Score 0/5 Timer 00:30
3 Plays Today
% Correct
Virginia
97%
Ohio
83.2%
Kentucky
82.4%
Pennsylvania
81%
Maryland
70%

You're not logged in!

Compare scores with friends on all Sporcle quizzes.
OR
Log In
Forgot?

From the Vault

UP Words and DOWN Words

by MSUKent

What goes up, must come down.
Remove Ads.
Support Sporcle.
Get the best of Sporcle when you Go Orange. This ad-free experience offers more features, more stats, and more fun while also helping to support Sporcle. Thank you for becoming a member.

Show Comments

Extras

Top Quizzes Today


Score Distribution

Your Account Isn't Verified!

In order to create a playlist on Sporcle, you need to verify the email address you used during registration. Go to your Sporcle Settings to finish the process.

Report this User

Report this user for behavior that violates our Community Guidelines.

Details: